Movies Quiz

Random Movies Quiz

Set Analysis Quiz Stats

Quiz not verified by Sporcle

Challenge
Share
Tweet
Embed
Score 0/8 Timer 03:00
0 Plays Today
Element % Correct
Period
95.9%
Class
95.9%
Decoration
93.9%
Exterior|interior
89.8%
Symbolic function
87.8%
Studio|on-location
79.6%
Size
79.6%
Style
77.6%

You're not logged in!

Compare scores with friends on all Sporcle quizzes.
Join for Free
OR
Log In

You Might Also Like...

Show Comments

Extras

Created Dec 10, 2012ReportNominate
Tags:point, set

Top Quizzes Today


Score Distribution

Your Account Isn't Verified!

In order to create a playlist on Sporcle, you need to verify the email address you used during registration. Go to your Sporcle Settings to finish the process.

Report this User

Report this user for behavior that violates our Community Guidelines.

Details: